Представление документа в формате RUSMARC

ПолеНазваниеЗначение
  Тип записи a
  Библиографический уровень m
001 Контрольный номер RU/SLIB/B/208706164
005 Дата корректировки 20230922102043.2
010 Индекс ISBN __
d Цена 3-80
101 Язык документа 0_
a Язык текста tat
200 Заглавие и сведения об ответственности 1_
a Заглавие В помощь садоводам и огородникам
e Сведения, относящиеся к заглавию справ. пособие
f Первые сведения об ответственности А. В. Валиев
b Общее обозначение материала Текст
210 Выходные данные 1_
a Место издания Казань
c Издательство Тат. кн. изд-во
d Дата издания 1998
215 Физическое описание __
a Объем 128 с.
300 Общие примечания __
a Общие примечания Текст на татар. яз.
606 Тематические рубрики __
a Основная рубрика Сельское хозяйство
y Географическая подрубрика Россия; Татарстан
606 Тематические рубрики __
a Основная рубрика Садоводство в целом
606 Тематические рубрики __
a Основная рубрика Овощеводство
610 Ключевые слова 0_
a Ключевые слова растения; овощи; огороды; сады
686 Индексы других классификаций __
2 Код системы rubbks
a Классификационный индекс 42.3я2
700 Автор _1
a Фамилия Валиев
b Имя А. В.
4 Код отношения 070
801 Источник записи _0
a Страна RU
b Организация Муниципальное бюджетное учреждение культуры "Централизованная библиотечная система" г. Сургут (Центральная городская библиотека им. А. С. Пушкина)
g Правила каталогизации ОБ/Котельникова
801 Источник записи _1
a Страна RU
b Организация Муниципальное бюджетное учреждение культуры "Централизованная библиотечная система" г. Сургут (Центральная городская библиотека им. А. С. Пушкина)
g Правила каталогизации ОБ/Котельникова
852 Данные о местонахождении __
j Шифр хранения 42.3я2
c Каталожный индекс 42.3я2
i Авторский знак В 15
p Инвентарный номер 76831
901 Тип документа __
t Тип документа m
903 Характеристики (МАРС) __
a Дата передачи 20000921
969 Тип издания __
a Тип издания справочник
990 Данные о заказе (DOS) 00
j Количество экземпляров (DOS) 3
t N записи в КСУ для И/У (DOS) 200001